00755cam a22002173a 450000100060000000300060000600500170001200800410002904000150007004200070008505000070009210000320009924501550013126000290028650600300031551600200034565300570036570000440042283000290046685600420049520330PGUSA20140828083430.0070111s2007||||xxu|||||s|||||000 1 eng d aPGUSAbeng adc 4aPS1 aDickson, Harris,d1868-194614aThe Black Wolf's Breed :bA Story of France in the Old World and the New, happening in the Reign of Louis XIVh[electronic resource] /cHarris Dickson bProject Gutenberg,c2007 aPublic domain in the USA. aElectronic text aFrance -- History -- Louis XIV, 1643-1715 -- Fiction1 aRelyea, C. M.q(Charles M.),d1863-1932 0aProject Gutenbergv2033040uhttp://www.gutenberg.org/ebooks/20330